000 00319pab a2200145 454500
008 180718b1997 xxu||||| |||| 00| 0 eng d
100 _aRadin, Beryl A.
245 _aInstruments of federalism
260 _c1997
300 _ap.39-47
362 _aNov
650 _aFederalism
773 _aSeminar
909 _a35623
999 _c35623
_d35623